| 000 | 01031nam a2200265Ia 4500 | ||
|---|---|---|---|
| 003 | OSt | ||
| 005 | 20221005111325.0 | ||
| 006 | a|||||r|||| 00| 0 | ||
| 007 | ta | ||
| 008 | 221004b |||||||| |||| 00| 0 hin d | ||
| 020 |
_a9789387648395 (hbk) _cINR 695.00 |
||
| 024 | _a42642 | ||
| 037 |
_bGV/792, 21/02/2019, Vani Prakashan _cTextual |
||
| 040 |
_aCRL _cCRL _bhin |
||
| 041 |
_2hin _ahin |
||
| 082 | _aV2,4M85, 152Q8 | ||
| 100 | _aश्वेता, ले. | ||
| 245 | 0 |
_aभारतीय राष्ट्रीय कांग्रेस एवं महिलाएॅं _b 1920 - 1950 |
|
| 246 | _aBhāratīya rāṣhṭrīya kāangres evan mahilāeॅan: 1920 - 1950 | ||
| 260 |
_aनई दिल्ली _bवाणी प्रकाशन भारत _c2018 |
||
| 300 |
_a256पृ0 _ccm. |
||
| 650 |
_aभारत-इतिहास _9156353 |
||
| 942 |
_hV2,4M85, 152Q8 _cTEXL _2cc |
||
| 999 |
_c1021500 _d1021500 |
||